LEADER 00751nam0-22002891i-450- 001 990000971340403321 010 $a0-306-41073-7 035 $a000097134 035 $aFED01000097134 035 $a(Aleph)000097134FED01 035 $a000097134 100 $a20000920d1982----km-y0itay50------ba 101 0 $aeng 200 1 $aNuclear Fission Reactors$fI.R. Cameron 210 $aNew York$cPlenum Press$d1982 610 0 $aEnergia nucleare 610 0 $aReattori 676 $a539.74 700 1$aCameron,$bIan Raymond$045534 801 0$aIT$bUNINA$gRICA$2UNIMARC 901 $aBK 912 $a990000971340403321 952 $a34B-065$b13306$fFI1 959 $aFI1 996 $aNuclear Fission Reactors$9352779 997 $aUNINA DB $aING01 LEADER 01436nam--2200457---450- 001 990000793320203316 005 20090119123711.0 010 $a88-238-0205-9 035 $a0079332 035 $aUSA010079332 035 $a(ALEPH)000079332USA01 035 $a0079332 100 $a20011207d1993----km-y0itay0103----ba 101 $aita 102 $aIT 105 $a||||||||001yy 200 1 $a<> analisi multivariata nelle ricerche di marketing$eapplicazioni alla segmentazione delle domande al mapping multdimensionale$fLuca Molteni 210 $aMilano$cEGEA$d1993 215 $aXII, 330 p$d24 cm 225 2 $aQuaderni$fSDA, Bocconi$v7 410 $12001$aQuaderni$fSDA, Bocconi$v7 606 0 $aRicerche di mercato$xMetodi 676 $a658.83 700 1$aMOLTENI,$bLuca$0437450 801 0$aIT$bsalbc$gISBD 912 $a990000793320203316 951 $a658.83 MOL 1 (IRA 16 67)$b3184 G$cIRA 16$d00011080 951 $a600 658.835 MOL$b2230 DISES 959 $aBK 969 $aECO 969 $aDISES 979 $aPATTY$b90$c20011207$lUSA01$h1428 979 $c20020403$lUSA01$h1726 979 $aPATRY$b90$c20040406$lUSA01$h1655 979 $aRSIAV3$b90$c20090119$lUSA01$h1237 979 $c20121027$lUSA01$h1545 979 $c20121027$lUSA01$h1559 979 $c20121027$lUSA01$h1610 996 $aAnalisi multivariata nelle ricerche di marketing$963085 997 $aUNISA DEB $aUSA6807 LEADER 01147nam 2200409 450 001 9910466945203321 005 20200520144314.0 010 $a1-4232-3488-X 035 $a(CKB)3710000001404131 035 $a(MiAaPQ)EBC4877028 035 $a(Au-PeEL)EBL4877028 035 $a(CaPaEBR)ebr11397710 035 $a(OCoLC)990741406 035 $a(EXLCZ)993710000001404131 100 $a20190123d2017 uy 0 101 0 $aeng 135 $aurcnu|||||||| 181 $ctxt$2rdacontent 182 $cc$2rdamedia 183 $acr$2rdacarrier 200 10$aBiochemistry 2 /$fauthor, Frank Miskevich, PhD 210 1$a[Place of publication not identified] :$cBarCharts, Inc.,$d[2017] 210 4$d©2017 215 $a1 online resource (6 pages) $cillustrations 311 $a1-4232-3325-5 606 $aChemistry$vOutlines, syllabi, etc 608 $aElectronic books. 615 0$aChemistry 676 $a540.76 700 $aMiskevich$b Frank$0964982 801 0$bMiAaPQ 801 1$bMiAaPQ 801 2$bMiAaPQ 906 $aBOOK 912 $a9910466945203321 996 $aBiochemistry 2$92189370 997 $aUNINA LEADER 01497nam a2200385 i 4500 001 991001052809707536 005 20020507182340.0 008 940519s1984 ||| ||| | eng 020 $a3540128999 035 $ab10794384-39ule_inst 035 $aLE01306298$9ExL 040 $aDip.to Matematica$beng 082 0 $a530.136 084 $aAMS 76P0 084 $aAMS 82A40 (1985) 084 $aAMS 82A45 (1985) 084 $aAMS 82A70 (1985) 084 $aQC175.2A1 100 1 $aCercignani, Carlo$017698 245 10$aKinetic theories and the Boltzmann equation :$blect. given at the 1st 1981 session of the Centro internazionale matematico estivo (C.I.M.E.), held at Montecatini, Italy, June 10-18, 1981 /$ced. C. Cercignani 260 $aBerlin ; New York :$bSpringer-Verlag,$c1984 300 $av, 243 p. :$bill. ;$c24 cm. 490 0 $aLecture notes in mathematics,$x0075-8434 ;$v1048 500 $aIncludes bibliographies 650 4$aBoltzmann equation 650 4$aEvolution equations$xCongresses 650 4$aKinetic theory of gases$xCongresses 650 4$aRarefied gas flows 650 4$aTransport theory$xCongresses 907 $a.b10794384$b23-02-17$c28-06-02 912 $a991001052809707536 945 $aLE013 76P05 CER11 (1984)$g1$i2013000123059$lle013$o-$pE0.00$q-$rl$s- $t0$u0$v0$w0$x0$y.i10895644$z28-06-02 996 $aKinetic Theories and the Boltzmann Equation$9352908 997 $aUNISALENTO 998 $ale013$b01-01-94$cm$da $e-$feng$gxx $h0$i1 LEADER 01059nam a2200265 i 4500 001 991001263249707536 005 20020507190229.0 008 960612s1976 it ||| | eng 035 $ab10823220-39ule_inst 035 $aLE01309542$9ExL 040 $aDip.to Matematica$beng 082 0 $a530.15 084 $aAMS 81-06 084 $aAMS 81-XX 100 1 $aFoà, Lorenzo$028048 245 10$aProceedings of the symposium on frontier problems in high energy physics :$bin honour of Gilberto Bernardini on his 70th birthday /$c[edited by Lorenzo Foà] 260 $aPisa :$bScuola Normale Superiore Pisa,$c1976 300 $a200 p. ;$c24 cm. 650 4$aQuantum theory$xCongresses 907 $a.b10823220$b02-04-14$c28-06-02 912 $a991001263249707536 945 $aLE013 81-XX FOA11 (1976)$g1$i2013000050966$lle013$o-$pE0.00$q-$rl$s- $t0$u0$v0$w0$x0$y.i10930693$z28-06-02 996 $aProceedings of the symposium on frontier problems in high energy physics$9924125 997 $aUNISALENTO 998 $ale013$b01-01-96$cm$da $e-$feng$git $h0$i1 LEADER 01005nam a2200241 i 4500 001 991001255229707536 005 20020502185751.0 008 941121s1981 it ||| | ita 035 $ab11485991-39ule_inst 035 $aPRUMB57624$9ExL 040 $aDip. SSSC - TEATRO$bita 110 2 $aCentro di studi sul teatro medioevale e rinascimentale$0448692 245 13$aLe laudi drammatiche umbre delle origini :$batti del v convegno di studio :$bViterbo, 22-23-24-25 maggio 1980 /$cCentro di studi sul teatro medioevale e rinascimentale 260 $aViterbo :$bUnion printing,$c1981 300 $a362 p. ;$c24 cm. 650 4$aLaudi drammatiche 650 4$aTeatro medievale 907 $a.b11485991$b21-09-06$c01-07-02 912 $a991001255229707536 945 $aLE021 CG27BISA25$g1$iLE021N-11615$lle021$o-$pE0.00$q-$rl$s- $t0$u0$v0$w0$x0$y.i1167734x$z01-07-02 996 $aLaudi drammatiche umbre delle origini$9812344 997 $aUNISALENTO 998 $ale021$b01-01-94$cm$da $e-$fita$git $h3$i1 LEADER 01492nas 2200445 450 001 996518465503316 005 20230217213020.0 011 $a1743-6109 035 $a(OCoLC)56519822 035 $a(CKB)111097776606048 035 $a(CONSER)--2005242035 035 $a(StDuBDS)17436109 035 $a(EXLCZ)99111097776606048 100 $a20221202a20239999 |y| | 101 0 $aeng 135 $aurun||||||||| 181 $ctxt$2rdacontent 182 $cc$2rdamedia 183 $acr$2rdacarrier 200 04$aThe journal of sexual medicine /$feditor-in-chief, John P. Mulhall, MD, MSc, FECSM, FACS (USA), FRCSI$b[electronic resource] 210 31$aOxford :$cOxford University Press,$d2023- 215 $a1 online resource 300 $a"ISSM"--Home page. 311 $a1743-6095 330 8 $a'The Journal of Sexual Medicine' publishes multidisciplinary basic science and clinical research on male, female, and couples sexual function and dysfunction. 606 $aSexual disorders$vPeriodicals 606 $aSexual health$vPeriodicals 606 $aSex (Biology)$vPeriodicals 615 0$aSexual disorders 615 0$aSexual health 615 0$aSex (Biology) 676 $a616.6905 702 $aMulhall$b John P. 712 02$aInternational Society for Sexual and Impotence Research, 801 0$bStDuBDS 801 1$bStDuBDS 906 $aJOURNAL 912 $a996518465503316 996 $aThe journal of sexual medicine$91890156 997 $aUNISA LEADER 06116nam 22007335 450 001 9910484342203321 005 20251225210844.0 010 $a3-319-67910-4 024 7 $a10.1007/978-3-319-67910-5 035 $a(CKB)4100000000587173 035 $a(DE-He213)978-3-319-67910-5 035 $a(MiAaPQ)EBC5590945 035 $a(PPN)204533902 035 $a(EXLCZ)994100000000587173 100 $a20170913d2017 u| 0 101 0 $aeng 135 $aurnn#008mamaa 181 $ctxt$2rdacontent 182 $cc$2rdamedia 183 $acr$2rdacarrier 200 10$aAd-hoc, Mobile, and Wireless Networks $e16th International Conference on Ad Hoc Networks and Wireless, ADHOC-NOW 2017, Messina, Italy, September 20-22, 2017, Proceedings /$fedited by Antonio Puliafito, Dario Bruneo, Salvatore Distefano, Francesco Longo 205 $a1st ed. 2017. 210 1$aCham :$cSpringer International Publishing :$cImprint: Springer,$d2017. 215 $a1 online resource (XIV, 396 p. 163 illus.) 225 1 $aComputer Communication Networks and Telecommunications,$x2945-9184 ;$v10517 300 $aIncludes index. 311 08$a3-319-67909-0 327 $aInternet of Things -- SustainaBLE: a Power-Aware Algorithm for Greener Industrial IoT Networks -- The 3D redeployment of nodes in Wireless Sensor Networks with real testbed prototyping -- Semantic Resource Management of Federated IoT Testbeds -- Targeted Content Delivery to IoT Devices Using Bloom Filters -- Security -- Trust Based Monitoring Approach for Mobile Ad Hoc Networks -- An Implementation and Evaluation of the Security Features of RPL -- A ticket-based Authentication Scheme for VANETs preserving Privacy -- A Trust based Communication Scheme for Safety Messages Exchange in VANETs -- Smart City -- Mobility as the main enabler of opportunistic data dissemination in urban scenarios -- Analysis and classification of the vehicular traffic distribution in an urban area -- User-space network tunneling under a mobile platform: a case study for Android environments -- Mobile Crowd Sensing as an Enabler for People as a Service Mobile Computing -- Ad-hoc networks -- SVM- MUSIC Algorithm for Spectrum Sensing in Cognitive Radio Ad-Hoc Networks -- Optimization of a modular ad hoc land wireless system via distributed joint Source-Network Coding for correlated sensors -- AdhocInfra Toggle: Opportunistic Auto-configuration of Wireless Interface for Maintaining Data Sessions in WiFi Networks -- Simulation of AdHoc Networks Including Clustering and Mobility -- Implementations and validations -- Highlighting Some Shortcomings of the CoCoA+ Congestion Control Algorithm -- Experimental Evaluation of Non-Coherent MIMO Grassmannian Signaling Schemes.-WEVA: A Complete Solution for Industrial Internet of Things -- Validating Contact Times Extracted from Mobility Traces -- Wireless sensor networks. -Optimising Wireless Sensor Network Link Quality through Power Control with non-Convex Utilities using Game Theory -- Routing protocol enhancement for mobility support in wireless sensor networks -- Correlation-Free MultiPath Routing for Multimedia traffic in Wireless Sensor Networks -- Impact of Simulation Environment in Performance Evaluation of Protocols for WSNs. -Data management -- A Real-Time Query Processing System for WSN -- Centralized and distributed architectures: Approximation of the response time in a video surveillance system of road traffic by logarithm, power and linear functions -- Secure Storage as a Service in Multi-Cloud Environment -- Policy Management and Enforcement Using OWL and SWRL for the Internet of Things -- Wireless systems -- BSSACH: A Big Slot Scheduling Algorithms with Channel Hopping for Dynamic Wireless Sensor Networks -- A hybrid ant-genetic algorithm to solve a real deployment problem: a case study with experimental validation -- Interference Analysis of Nonlinear and Asynchronous OFDM in Multiuser Cognitive Radio Networks. 330 $aThis book constitutes the refereed proceedings of the 16th International Conference on Ad-hoc, Mobile, and Wireless Networks, ADHOC-NOW 2017, held in Messina, Italy, in September 2017. The 22 full and 9 short papers presented in this volume were carefully reviewed and selected from 55 submissions. The contributions were organized in topical sections named: internet of things; security; smart city; ad-hoc networks; implementations and validations; wireless sensor networks; data management; wireless systems. 410 0$aComputer Communication Networks and Telecommunications,$x2945-9184 ;$v10517 606 $aComputer networks 606 $aComputers, Special purpose 606 $aData protection 606 $aData structures (Computer science) 606 $aInformation theory 606 $aTelecommunication 606 $aComputer Communication Networks 606 $aSpecial Purpose and Application-Based Systems 606 $aData and Information Security 606 $aData Structures and Information Theory 606 $aCommunications Engineering, Networks 615 0$aComputer networks. 615 0$aComputers, Special purpose. 615 0$aData protection. 615 0$aData structures (Computer science) 615 0$aInformation theory. 615 0$aTelecommunication. 615 14$aComputer Communication Networks. 615 24$aSpecial Purpose and Application-Based Systems. 615 24$aData and Information Security. 615 24$aData Structures and Information Theory. 615 24$aCommunications Engineering, Networks. 676 $a004.685 702 $aPuliafito$b Antonio$4edt$4http://id.loc.gov/vocabulary/relators/edt 702 $aBruneo$b Dario$4edt$4http://id.loc.gov/vocabulary/relators/edt 702 $aDistefano$b Salvatore$4edt$4http://id.loc.gov/vocabulary/relators/edt 702 $aLongo$b Francesco$4edt$4http://id.loc.gov/vocabulary/relators/edt 801 0$bMiAaPQ 801 1$bMiAaPQ 801 2$bMiAaPQ 906 $aBOOK 912 $a9910484342203321 996 $aAd-Hoc, Mobile, and Wireless Networks$9772692 997 $aUNINA